000 00441nam a2200181Ia 4500
008 151202s9999||||xx |||||||||||||| ||und||
082 _bPNVM-2061
100 _aAUROBINDO.
245 _aTHE LIFE DIVINE VOL. 2.
260 _b"ARYA PUB. HOUSE, CALCUTTA."
260 _c0
300 _a0
600 _aAUROBINDO.
630 _aTHE LIFE DIVINE VOL. 2.
700 _aAUROBINDO.
730 _aTHE LIFE DIVINE VOL. 2.
942 _cBOOK
999 _c1268059
_d1268056